[Event "IBCA Wch Blind and Visually imp U22"]
[Site "Solec Zdroj"]
[Date "2018.08.22"]
[Round "8.1"]
[White "Ermakov, Maksim"]
[Black "Czajkowski, Adam"]
[Result "0-1"]
[WhiteElo "1583"]
[BlackElo "2232"]
[PlyCount "70"]
[EventDate "2018.08.14"]
[EventType "swiss"]
[EventRounds "9"]
[EventCountry "POL"]
[SourceTitle "EXT 2024"]
[Source "ChessBase"]
[SourceDate "2023.10.10"]
[SourceVersion "1"]
[SourceVersionDate "2023.10.10"]
[SourceQuality "1"]

1. d4 Nf6 2. Nf3 g6 3. e3 Bg7 4. Be2 0-0 5. 0-0 d6 6. c4 Nbd7 7. Nc3 e5 8. Qc2 Re8 9. b4 Nf8 10. Bb2 e4 11. Nd2 Bf5 12. Rfc1 h5 13. Qd1 N8h7 14. d5 Ng4 15. h3 Ne5 16. Nf1 h4 17. Nh2 Ng5 18. Na4 Bd7 19. Nc3 f5 20. Qc2 Rf8 21. Rf1 Nh7 22. f3 exf3 23. Nxf3 Ng5 24. Nd4 Qe7 25. Rad1 Rae8 26. e4 f4 27. Bc1 f3 28. Nxf3 Ngxf3+ 29. Bxf3 Bxh3 30. Qe2 Bd7 31. Bd2 Rf7 32. Be1 Ref8 33. Bd2 h3 34. a3 hxg2 35. Bxg2 Bg4 0-1

[Event "IBCA Wch Blind and Visually imp U22"]
[Site "Solec Zdroj"]
[Date "2018.08.17"]
[Round "4.1"]
[White "Eichstaedt, Mirko"]
[Black "Czajkowski, Adam"]
[Result "1/2-1/2"]
[WhiteElo "2190"]
[BlackElo "2232"]
[PlyCount "65"]
[EventDate "2018.08.14"]
[EventType "swiss"]
[EventRounds "9"]
[EventCountry "POL"]
[SourceTitle "EXT 2024"]
[Source "ChessBase"]
[SourceDate "2023.10.10"]
[SourceVersion "1"]
[SourceVersionDate "2023.10.10"]
[SourceQuality "1"]

1. d4 Nf6 2. Nf3 g6 3. Nbd2 d5 4. e3 Bg7 5. b4 0-0 6. c4 Nbd7 7. Bb2 b6 8. Rc1 Bb7 9. Be2 dxc4 10. Nxc4 e6 11. 0-0 Qe7 12. Ba3 Rfc8 13. b5 Qe8 14. Nce5 a6 15. bxa6 Bxa6 16. Bxa6 Rxa6 17. Qb3 Rca8 18. Bb4 Nd5 19. Nxd7 Qxd7 20. a3 Qb5 21. Qc4 Qxc4 22. Rxc4 b5 23. Rc2 f5 24. Ne5 Bf8 25. Nd3 Bxb4 26. Nxb4 Rxa3 27. Nxd5 exd5 28. Rxc7 Rb8 29. Rb1 b4 30. Rc2 Kf7 31. Rcb2 f4 32. Kf1 fxe3 33. Rxb4 1/2-1/2

[Event "IBCA-ol blind 15th"]
[Site "Ohrid"]
[Date "2017.06.26"]
[Round "7.2"]
[White "Czajkowski, Adam"]
[Black "Barreto Bastidas, Jose Angel"]
[Result "1/2-1/2"]
[WhiteElo "2204"]
[BlackElo "2015"]
[PlyCount "65"]
[EventDate "2017.06.19"]
[EventType "team-swiss"]
[EventRounds "9"]
[EventCountry "MKD"]
[SourceTitle "CBM 179 Extra"]
[Source "ChessBase"]
[SourceDate "2017.08.23"]
[SourceVersion "1"]
[SourceVersionDate "2017.08.23"]
[SourceQuality "1"]
[WhiteTeam "Poland"]
[BlackTeam "Venezuela"]
[WhiteTeamCountry "POL"]
[BlackTeamCountry "VEN"]

1. e4 c5 2. Nf3 Nc6 3. d4 cxd4 4. Nxd4 g6 5. Nc3 Bg7 6. Nde2 Nf6 7. g3 0-0 8. Bg2 Rb8 9. a4 b6 10. 0-0 d6 11. h3 Bb7 12. Be3 Rc8 13. Nd5 Nd7 14. Rb1 e6 15. Ndc3 Nde5 16. f4 Nc4 17. Bc1 Nb4 18. b3 Na5 19. Nb5 Rxc2 20. Ba3 Nac6 21. Nxa7 Ra2 22. Nxc6 Nxc6 23. Bc1 Qa8 24. Rf2 Qa5 25. Be3 Rd8 26. b4 Qxa4 27. Bxb6 Rd7 28. Qe1 Qb5 29. Be3 Qd3 30. Bb6 Qb5 31. Be3 Qd3 32. Bb6 Qb5 33. Be3 1/2-1/2

[Event "IBCA-ol blind 15th"]
[Site "Ohrid"]
[Date "2017.06.21"]
[Round "3.2"]
[White "Muri, Emil"]
[Black "Czajkowski, Adam"]
[Result "0-1"]
[WhiteElo "1920"]
[BlackElo "2204"]
[PlyCount "88"]
[EventDate "2017.06.19"]
[EventType "team-swiss"]
[EventRounds "9"]
[EventCountry "MKD"]
[SourceTitle "CBM 179 Extra"]
[Source "ChessBase"]
[SourceDate "2017.08.23"]
[SourceVersion "1"]
[SourceVersionDate "2017.08.23"]
[SourceQuality "1"]
[WhiteTeam "Slovenia"]
[BlackTeam "Poland"]
[WhiteTeamCountry "SLO"]
[BlackTeamCountry "POL"]

1. e4 c5 2. Nf3 e6 3. b3 Nc6 4. Bb5 d6 5. 0-0 Bd7 6. Re1 Nf6 7. Bb2 Be7 8. d4 cxd4 9. Nxd4 0-0 10. Bf1 d5 11. exd5 Nxd5 12. c4 Ndb4 13. a3 Nxd4 14. Bxd4 Nc6 15. Bb2 Bf6 16. Bxf6 Qxf6 17. Nd2 Rad8 18. Ne4 Qf4 19. g3 Qc7 20. Qd2 e5 21. Qc3 Nd4 22. Nd2 Bc6 23. Bg2 Rfe8 24. b4 b6 25. c5 Bxg2 26. Kxg2 bxc5 27. bxc5 f5 28. Rac1 Kh8 29. Nb3 Qb7+ 30. c6 Qxb3 31. Qxb3 Nxb3 32. c7 Rc8 33. Rc3 Nd4 34. Rb1 Kg8 35. Rb7 Kf7 36. a4 a6 37. Ra7 Re6 38. Rb7 Rc6 39. Re3 R8xc7 40. Rxc7+ Rxc7 41. Rxe5 Kf6 42. Ra5 Rc6 43. Rd5 Ne6 44. h3 Rc4 0-1

[Event "Suwalki Warakomska Memorial 1st"]
[Site "Suwalki"]
[Date "2017.??.??"]
[Round "8"]
[White "Czajkowski, Adam"]
[Black "Chojnowski, Marcin"]
[Result "1-0"]
[WhiteElo "2223"]
[BlackElo "2070"]
[PlyCount "63"]
[EventDate "2017.08.11"]
[EventType "swiss"]
[EventRounds "9"]
[EventCountry "POL"]
[SourceTitle "CBM 180 Extra"]
[Source "ChessBase"]
[SourceDate "2017.10.06"]
[SourceVersion "1"]
[SourceVersionDate "2017.10.06"]
[SourceQuality "1"]

1. e4 c5 2. Ne2 a6 3. g3 b5 4. Bg2 Bb7 5. 0-0 d6 6. f4 Nf6 7. d3 e6 8. Nd2 Qc7 9. h3 Be7 10. Nf3 Nbd7 11. g4 h6 12. a4 d5 13. e5 Nh7 14. axb5 axb5 15. Rxa8+ Bxa8 16. Ng3 0-0 17. Qe2 d4 18. Ne4 b4 19. h4 f6 20. exf6 gxf6 21. f5 exf5 22. gxf5 Kh8 23. Bxh6 Rg8 24. Neg5 Nxg5 25. hxg5 Bf8 26. Bxf8 Nxf8 27. g6 Qb6 28. Ng5 fxg5 29. f6 Nxg6 30. f7 Kg7 31. Qh5 Rh8 32. f8Q+ 1-0

[Event "Suwalki Warakomska Memorial 1st"]
[Site "Suwalki"]
[Date "2017.??.??"]
[Round "7"]
[White "Paszewski, Mateusz"]
[Black "Czajkowski, Adam"]
[Result "0-1"]
[WhiteElo "2321"]
[BlackElo "2223"]
[PlyCount "114"]
[EventDate "2017.08.11"]
[EventType "swiss"]
[EventRounds "9"]
[EventCountry "POL"]
[SourceTitle "CBM 180 Extra"]
[Source "ChessBase"]
[SourceDate "2017.10.06"]
[SourceVersion "1"]
[SourceVersionDate "2017.10.06"]
[SourceQuality "1"]

1. c4 Nf6 2. g3 g6 3. Bg2 Bg7 4. Nc3 0-0 5. e4 e5 6. Nge2 d6 7. 0-0 Nc6 8. d3 Nd4 9. Nxd4 exd4 10. Ne2 c5 11. h3 Rb8 12. f4 b5 13. b3 Ne8 14. f5 Be5 15. Bh6 Ng7 16. Qd2 f6 17. h4 bxc4 18. bxc4 gxf5 19. Bxg7 Kxg7 20. exf5 Bb7 21. Nf4 Bxf4 22. Rxf4 d5 23. Rb1 Rf7 24. cxd5 Rc8 25. Re1 Bxd5 26. Bxd5 Qxd5 27. Qf2 Rd8 28. Rfe4 c4 29. dxc4 Qxc4 30. Qf4 Qb5 31. h5 d3 32. h6+ Kf8 33. a4 Qb6+ 34. Kh2 d2 35. Rd1 Qb2 36. Rb4 Qc2 37. Rb8 Rfd7 38. Qb4+ Ke8 39. Qg4 Rxb8 40. Qg8+ Ke7 41. Qxb8 Qxa4 42. Qg8 Qxd1 43. Qe6+ Kd8 44. Qxf6+ Kc7 45. Qc3+ Kb6 46. Qb4+ Ka6 47. Qc4+ Ka5 48. Qc5+ Ka4 49. Qc4+ Ka3 50. Qc5+ Kb2 51. Qe5+ Kc2 52. Qc5+ Kd3 53. Qb5+ Ke3 54. Qe5+ Kf2 55. Qc5+ Ke1 56. Qg1+ Ke2 57. Qg2+ Ke3 0-1

[Event "London Classic op 8th"]
[Site "London"]
[Date "2016.12.16"]
[Round "9"]
[White "Czajkowski, Adam"]
[Black "Mitra, Roman"]
[Result "0-1"]
[WhiteElo "2212"]
[BlackElo "2083"]
[PlyCount "56"]
[EventDate "2016.12.09"]
[EventType "swiss"]
[EventRounds "9"]
[EventCountry "ENG"]
[SourceTitle "CBM 176 Extra"]
[Source "ChessBase"]
[SourceDate "2017.03.02"]
[SourceVersion "1"]
[SourceVersionDate "2017.03.02"]
[SourceQuality "1"]

1. e4 e6 2. Nc3 d5 3. Nf3 Nf6 4. e5 Nfd7 5. d4 c5 6. dxc5 Nc6 7. Bf4 Bxc5 8. Bd3 f6 9. exf6 Qxf6 10. Bg3 0-0 11. 0-0 a6 12. Qe2 Nd4 13. Nxd4 Bxd4 14. Rae1 Nc5 15. Nd1 Bxb2 16. Nxb2 Qxb2 17. Be5 Qb6 18. Bd4 Qc7 19. Bxc5 Qxc5 20. Qh5 h6 21. Qg6 Rf6 22. Qh7+ Kf7 23. Re3 Bd7 24. Be2 Rg8 25. Rg3 Kf8 26. Bh5 Qd4 27. Rxg7 Rxg7 28. Qh8+ Rg8 0-1

[Event "London Classic op 8th"]
[Site "London"]
[Date "2016.12.15"]
[Round "8"]
[White "Grigoryan, Meri"]
[Black "Czajkowski, Adam"]
[Result "1/2-1/2"]
[WhiteElo "1972"]
[BlackElo "2212"]
[PlyCount "84"]
[EventDate "2016.12.09"]
[EventType "swiss"]
[EventRounds "9"]
[EventCountry "ENG"]
[SourceTitle "CBM 176 Extra"]
[Source "ChessBase"]
[SourceDate "2017.03.02"]
[SourceVersion "1"]
[SourceVersionDate "2017.03.02"]
[SourceQuality "1"]

1. d4 Nf6 2. Bf4 g6 3. Nc3 d5 4. Qd2 Bf5 5. Nf3 Bg7 6. h3 0-0 7. Nh4 Be6 8. Bh6 c5 9. Bxg7 Kxg7 10. e3 Nc6 11. dxc5 Qa5 12. Bb5 a6 13. Bxc6 bxc6 14. 0-0 Rab8 15. b3 Qxc5 16. Na4 Qd6 17. Qc3 Bc8 18. f4 Kg8 19. Nc5 Rb5 20. b4 a5 21. a3 axb4 22. axb4 Ne4 23. Nxe4 dxe4 24. Rfd1 Qc7 25. Qd4 Rh5 26. Ra7 Qb8 27. Rxe7 Rd5 28. Qa1 Qxb4 29. Re5 Qc5 30. Rxe4 Qxc2 31. Red4 Be6 32. e4 Rxd4 33. Qxd4 c5 34. Qd3 Qxd3 35. Rxd3 c4 36. Rc3 Rb8 37. Nf3 Rb3 38. Rc2 Re3 39. Ng5 c3 40. Kf2 Rd3 41. Nxe6 fxe6 42. Ke2 Rg3 1/2-1/2

[Event "London Classic op 8th"]
[Site "London"]
[Date "2016.12.12"]
[Round "5"]
[White "Czajkowski, Adam"]
[Black "Iyengar, Ilya"]
[Result "1-0"]
[WhiteElo "2212"]
[BlackElo "2008"]
[PlyCount "63"]
[EventDate "2016.12.09"]
[EventType "swiss"]
[EventRounds "9"]
[EventCountry "ENG"]
[SourceTitle "CBM 176 Extra"]
[Source "ChessBase"]
[SourceDate "2017.03.02"]
[SourceVersion "1"]
[SourceVersionDate "2017.03.02"]
[SourceQuality "1"]

1. e4 c5 2. Nf3 e6 3. d4 cxd4 4. Nxd4 Nf6 5. Nc3 d6 6. g4 h6 7. h3 Nc6 8. Bg2 a6 9. 0-0 Qc7 10. Kh1 Be7 11. Be3 Bd7 12. f4 Nxd4 13. Qxd4 Bc6 14. Rad1 Nd7 15. a4 b5 16. axb5 axb5 17. Rf2 Qb7 18. Nd5 Bxd5 19. exd5 e5 20. Qe4 Ra4 21. b4 Bd8 22. fxe5 Nxe5 23. Bc5 Bc7 24. Qxe5+ dxe5 25. d6 e4 26. d7+ Kd8 27. Rxf7 Bd6 28. Bxd6 Ra1 29. Rxa1 Qd5 30. Rxg7 Qxd6 31. Ra8+ Kc7 32. d8Q+ 1-0

[Event "London Classic op 8th"]
[Site "London"]
[Date "2016.12.11"]
[Round "4"]
[White "Adair, James R"]
[Black "Czajkowski, Adam"]
[Result "1-0"]
[WhiteElo "2489"]
[BlackElo "2212"]
[PlyCount "55"]
[EventDate "2016.12.09"]
[EventType "swiss"]
[EventRounds "9"]
[EventCountry "ENG"]
[SourceTitle "CBM 176 Extra"]
[Source "ChessBase"]
[SourceDate "2017.03.02"]
[SourceVersion "1"]
[SourceVersionDate "2017.03.02"]
[SourceQuality "1"]

1. e4 c5 2. Nf3 e6 3. d4 cxd4 4. Nxd4 a6 5. Bd3 Qc7 6. 0-0 Nf6 7. Qe2 d6 8. f4 g6 9. f5 Bg7 10. Bg5 0-0 11. Nd2 Nc6 12. Nxc6 bxc6 13. e5 dxe5 14. fxg6 fxg6 15. Rf2 Bd7 16. g3 e4 17. Bxe4 Qb6 18. Nc4 Qb5 19. Bxf6 Bxf6 20. Rd1 Rad8 21. a4 Qb8 22. Qg4 Kg7 23. Kg2 c5 24. Rd6 Bxa4 25. Rb6 Qc8 26. Rb7+ Rd7 27. Nb6 Qe8 28. Nxa4 1-0

[Event "London Classic op 8th"]
[Site "London"]
[Date "2016.12.10"]
[Round "3"]
[White "Czajkowski, Adam"]
[Black "Misyura, Ilya"]
[Result "1-0"]
[WhiteElo "2212"]
[BlackElo "1989"]
[PlyCount "37"]
[EventDate "2016.12.09"]
[EventType "swiss"]
[EventRounds "9"]
[EventCountry "ENG"]
[SourceTitle "CBM 176 Extra"]
[Source "ChessBase"]
[SourceDate "2017.03.02"]
[SourceVersion "1"]
[SourceVersionDate "2017.03.02"]
[SourceQuality "1"]

1. e4 e6 2. Nf3 d5 3. Nc3 d4 4. Ne2 c5 5. Ng3 a6 6. a4 Nc6 7. Bc4 Bd6 8. 0-0 Nge7 9. d3 0-0 10. Ng5 h6 11. Nh3 Na5 12. Ba2 Bxg3 13. hxg3 Bd7 14. Qh5 Ng6 15. Qxc5 e5 16. Bd2 b6 17. Qd6 Nb7 18. Qxg6 Qc8 19. Bxh6 1-0

[Event "POL-chT 2nd League"]
[Site "Jastrzebia Gora"]
[Date "2016.09.09"]
[Round "7.47"]
[White "Zurkowski, Andrzej"]
[Black "Czajkowski, Adam"]
[Result "0-1"]
[WhiteElo "2073"]
[BlackElo "2260"]
[PlyCount "66"]
[EventDate "2016.09.03"]
[EventType "team-swiss"]
[EventRounds "9"]
[EventCountry "POL"]
[SourceTitle "EXT 2017"]
[Source "ChessBase"]
[SourceDate "2016.10.25"]
[SourceVersion "1"]
[SourceVersionDate "2016.10.25"]
[SourceQuality "1"]
[WhiteTeam "Debica Gryf"]
[BlackTeam "Pultusk Nadnarwianka"]
[WhiteTeamCountry "POL"]
[BlackTeamCountry "POL"]

1. d4 Nf6 2. Nf3 g6 3. g3 Bg7 4. Bg2 0-0 5. 0-0 d6 6. c4 Nbd7 7. d5 e5 8. dxe6 fxe6 9. Nc3 Nb6 10. Qb3 a5 11. a4 Kh8 12. Be3 Ra6 13. Rfd1 Qe7 14. Nb5 d5 15. cxd5 exd5 16. Rac1 Nc4 17. Bd4 c6 18. Na3 Nd6 19. h3 Bf5 20. Rc3 Be4 21. Bc5 b6 22. Bxd6 Qxd6 23. Nd4 c5 24. Ndb5 Qe7 25. f3 d4 26. Rcc1 Bd5 27. Qd3 Bh6 28. f4 Bxg2 29. Kxg2 Nd5 30. Nxd4 cxd4 31. Qxa6 Nxf4+ 32. Kh2 Qe6 33. g4 Qe3 0-1

[Event "IBCA EU-chT blind 01st"]
[Site "Warsaw"]
[Date "2016.07.29"]
[Round "6.3"]
[White "Czajkowski, Adam"]
[Black "Clemente Llamero, Roberto"]
[Result "1/2-1/2"]
[WhiteElo "2151"]
[BlackElo "2162"]
[PlyCount "116"]
[EventDate "2016.07.24"]
[EventType "team-swiss"]
[EventRounds "9"]
[EventCountry "POL"]
[SourceTitle "CBM 173 Extra"]
[Source "ChessBase"]
[SourceDate "2016.08.29"]
[SourceVersion "1"]
[SourceVersionDate "2016.08.29"]
[SourceQuality "1"]
[WhiteTeam "Poland"]
[BlackTeam "Spain"]
[WhiteTeamCountry "POL"]
[BlackTeamCountry "ESP"]

1. e4 c6 2. Nc3 d5 3. Nf3 dxe4 4. Nxe4 Nd7 5. d4 Ngf6 6. Nxf6+ Nxf6 7. Ne5 Be6 8. Be2 g6 9. 0-0 Bg7 10. c4 0-0 11. Be3 Ne4 12. Qb3 Qc7 13. Rad1 Nd6 14. Bf4 Qb6 15. Qa3 Qd8 16. b3 f6 17. Nd3 Bf7 18. Nc5 g5 19. Bg3 b6 20. Na6 Qd7 21. Rfe1 h5 22. Bf3 h4 23. Rxe7 Qxe7 24. Bxd6 Qd7 25. Bxf8 Bxf8 26. Qa4 b5 27. cxb5 cxb5 28. Qa5 Rc8 29. Nc5 Qf5 30. Ne4 Kg7 31. h3 Qf4 32. Qxb5 f5 33. Nc5 Bd6 34. Re1 Qxd4 35. Nd3 Rc3 36. Ne5 Rc5 37. Nc6 Qc3 38. Qe2 Rxc6 39. Bxc6 Qxc6 40. Qd3 Qc5 41. Qe2 Bf4 42. Qb2+ Kg6 43. b4 Qd5 44. a4 Be6 45. Qe2 Kf6 46. Qh5 Kg7 47. Qe8 Bf7 48. Qe7 Qd2 49. b5 Qc3 50. Rf1 Qc4 51. Qxa7 Bh2+ 52. Kxh2 Qxf1 53. Qe3 Kg6 54. Qb6+ Kg7 55. Qd4+ Kg6 56. Qd6+ Kg7 57. b6 Qxf2 58. b7 Bd5 1/2-1/2

[Event "IBCA EU-chT blind 01st"]
[Site "Warsaw"]
[Date "2016.07.27"]
[Round "4.2"]
[White "Czajkowski, Adam"]
[Black "Meshkov, Yuri A"]
[Result "1-0"]
[WhiteElo "2151"]
[BlackElo "2350"]
[PlyCount "75"]
[EventDate "2016.07.24"]
[EventType "team-swiss"]
[EventRounds "9"]
[EventCountry "POL"]
[SourceTitle "CBM 173 Extra"]
[Source "ChessBase"]
[SourceDate "2016.08.29"]
[SourceVersion "1"]
[SourceVersionDate "2016.08.29"]
[SourceQuality "1"]
[WhiteTeam "Poland"]
[BlackTeam "Russia"]
[WhiteTeamCountry "POL"]
[BlackTeamCountry "RUS"]

1. e4 c5 2. Nf3 a6 3. Nc3 g6 4. d4 cxd4 5. Qxd4 Nf6 6. e5 Nc6 7. Qh4 Nh5 8. Be3 Ng7 9. Bd3 Ne6 10. 0-0-0 Qa5 11. Bc4 b5 12. Bb3 b4 13. Nd5 Rb8 14. Rhe1 Bg7 15. g4 h5 16. g5 Rb7 17. Qe4 Nc5 18. Qc4 Nxb3+ 19. Qxb3 0-0 20. Nh4 Kh7 21. f4 d6 22. exd6 Be6 23. f5 gxf5 24. g6+ fxg6 25. Nxg6 Rf7 26. Ngf4 Bxd5 27. Rxd5 Qd8 28. Ne6 Qg8 29. d7 Nd8 30. Ng5+ Kh8 31. Nxf7+ Qxf7 32. Bd4 e6 33. Qg3 Bxd4 34. Rxd4 Rxd7 35. Qe5+ Kh7 36. Rxd7 Qxd7 37. Qf6 Nf7 38. Rxe6 1-0

[Event "POL-ch U18"]
[Site "Szklarska Poreba"]
[Date "2016.03.16"]
[Round "5"]
[White "Czajkowski, Adam"]
[Black "Smal, Tobiasz"]
[Result "1/2-1/2"]
[WhiteElo "2110"]
[BlackElo "2017"]
[PlyCount "57"]
[EventDate "2016.03.13"]
[EventType "swiss"]
[EventRounds "9"]
[EventCountry "POL"]
[SourceTitle "EXT 2018"]
[Source "ChessBase"]
[SourceDate "2017.10.13"]
[SourceVersion "1"]
[SourceVersionDate "2017.10.13"]
[SourceQuality "1"]

1. e4 c5 2. Nf3 d6 3. d4 cxd4 4. Nxd4 Nf6 5. Nc3 a6 6. h3 e6 7. g4 d5 8. exd5 Nxd5 9. Nde2 Be7 10. Nxd5 exd5 11. Bg2 h5 12. Qxd5 Qxd5 13. Bxd5 hxg4 14. hxg4 Rxh1+ 15. Bxh1 Nc6 16. g5 Bg4 17. Be3 0-0-0 18. Bxc6 bxc6 19. Rd1 Re8 20. Rd2 Bd8 21. Rd4 Bxe2 22. Kxe2 Bxg5 23. f4 Bf6 24. Ra4 Kc7 25. Kd3 Rd8+ 26. Ke4 Re8+ 27. Kd3 Rd8+ 28. Ke4 Re8+ 29. Kd3 1/2-1/2

[Event "POL-chT 1st League"]
[Site "Jastrzebia Gora"]
[Date "2015.09.13"]
[Round "9.17"]
[White "Czajkowski, Adam"]
[Black "Kanicki, Krzysztof"]
[Result "1/2-1/2"]
[WhiteElo "2095"]
[BlackElo "2172"]
[PlyCount "81"]
[EventDate "2015.09.05"]
[EventType "team-tourn"]
[EventRounds "9"]
[EventCountry "POL"]
[SourceTitle "EXT 2016"]
[Source "ChessBase"]
[SourceDate "2015.10.08"]
[SourceVersion "1"]
[SourceVersionDate "2015.10.08"]
[SourceQuality "1"]
[WhiteTeam "Pultusk Nadnarwianka"]
[BlackTeam "Legnica Miedz"]
[WhiteTeamCountry "POL"]
[BlackTeamCountry "POL"]

1. e4 c5 2. Nf3 d6 3. d4 cxd4 4. Nxd4 Nf6 5. Nc3 Nc6 6. Bc4 Qb6 7. Nde2 e6 8. 0-0 Be7 9. Bb3 0-0 10. Ng3 Rd8 11. Be3 Qa5 12. Bd2 Qc7 13. Nh5 g6 14. Nxf6+ Bxf6 15. Nb5 Qe7 16. Bc3 a6 17. Nd4 Bd7 18. Re1 Nxd4 19. Bxd4 Bc6 20. c3 Kg7 21. Qd2 Bxd4 22. Qxd4+ Qf6 23. Rad1 Qxd4 24. Rxd4 Rd7 25. f3 Kf6 26. Kf2 Rad8 27. Red1 d5 28. exd5 Bxd5 29. Bxd5 Rxd5 30. Rxd5 Rxd5 31. Rxd5 exd5 32. Ke3 Ke5 33. a4 b6 34. b4 g5 35. g3 Kd6 36. Kd4 f6 37. Kd3 Kd7 38. Ke3 Ke6 39. Kd4 Kd6 40. Kd3 Kd7 41. Kd4 1/2-1/2

[Event "POL-chT 1st League"]
[Site "Jastrzebia Gora"]
[Date "2015.09.05"]
[Round "1.23"]
[White "Stanach, Fabian"]
[Black "Czajkowski, Adam"]
[Result "1/2-1/2"]
[WhiteElo "2058"]
[BlackElo "2095"]
[PlyCount "79"]
[EventDate "2015.09.05"]
[EventType "team-tourn"]
[EventRounds "9"]
[EventCountry "POL"]
[SourceTitle "EXT 2016"]
[Source "ChessBase"]
[SourceDate "2015.10.08"]
[SourceVersion "1"]
[SourceVersionDate "2015.10.08"]
[SourceQuality "1"]
[WhiteTeam "Myslenice"]
[BlackTeam "Pultusk Nadnarwianka"]
[WhiteTeamCountry "POL"]
[BlackTeamCountry "POL"]

1. d4 Nf6 2. c4 g6 3. Nc3 Bg7 4. e4 d6 5. Bd3 e5 6. d5 0-0 7. Nge2 Na6 8. 0-0 Nh5 9. a3 f5 10. exf5 gxf5 11. f4 Nc5 12. Bc2 Qe7 13. Rb1 Bd7 14. b4 Ne4 15. Nxe4 fxe4 16. Bxe4 exf4 17. Bf3 Bf5 18. Rb3 Bg6 19. Bd2 Qh4 20. Be1 Qe7 21. Bf2 Be5 22. Re1 Ng7 23. Nd4 Rae8 24. Bg4 Kh8 25. Rh3 a6 26. Bh4 Qf7 27. Ne6 Nxe6 28. dxe6 Qg7 29. Bg5 Bf5 30. Bxf5 Rxf5 31. Bh6 Qg6 32. Qf3 Rxe6 33. Rf1 c6 34. Rh4 Bd4+ 35. Kh1 Re3 36. Qf2 Re4 37. Qf3 Re3 38. Qf2 Rd3 39. Qe2 Re3 40. Qf2 1/2-1/2

[Event "IBCA Wch blind U20"]
[Site "Podgorica"]
[Date "2015.08.27"]
[Round "8"]
[White "Czajkowski, Adam"]
[Black "Mendez Manturano, Miguel Eduardo"]
[Result "1-0"]
[WhiteElo "2073"]
[BlackElo "1583"]
[PlyCount "63"]
[EventDate "2015.08.20"]
[EventType "swiss"]
[EventRounds "9"]
[EventCountry "MNE"]
[SourceTitle "EXT 2017"]
[Source "ChessBase"]
[SourceDate "2016.10.25"]
[SourceVersion "1"]
[SourceVersionDate "2016.10.25"]
[SourceQuality "1"]

1. e4 e6 2. Nf3 d5 3. Nc3 Nf6 4. e5 Nfd7 5. d4 c5 6. dxc5 Nc6 7. Bf4 Bxc5 8. Bd3 f6 9. exf6 Qxf6 10. Bg3 0-0 11. 0-0 Nd4 12. Nxd4 Bxd4 13. Qe2 Nc5 14. Rae1 Bd7 15. Nd1 Nxd3 16. Qxd3 a6 17. c3 Bb5 18. Qxd4 Qxd4 19. cxd4 Rf6 20. Be5 Rg6 21. Nc3 Bxf1 22. Kxf1 Rc8 23. f4 h5 24. Re3 Kf7 25. h4 Rh6 26. Ke2 Rc4 27. Rf3 Rh8 28. Kd3 Rhc8 29. f5 exf5 30. Rxf5+ Kg6 31. Rf3 Kh6 32. Rf7 1-0